000 00347nam a22001457a 4500
003 OSt
005 20160727222354.0
008 160622b xxu||||| |||| 00| 0 eng d
040 _cTEST
100 _9473
_aBrighouse, A
245 _aPeak Mathematics
260 _aCan
_bThomas nelson & sons ltd.
_c1992
300 _aPeak Mathematics
942 _2ddc
_cBK
999 _c391
_d391